000 01794nam a2200517 i 4500
001 36060
003 KOSZ 005
005 20200212141457.0
008 990712s1999 pl a |000 0 pol
015 _aPB 1999/9758
020 _a832042433X
035 _a991010756289705066
035 _a(PL-WaBN)b12929001-48omnis_nlop
035 _ab12929001
035 _a(OCoLC)749396415
035 _a(PL)b0000001292900
035 _a(EXLNZ-48OMNIS_NETWORK)9910180553205606
040 _aWA N
_cWA N
_dKOSZ 005/HR
041 1 _apol
_heng
046 _k1988
080 _a004.438
080 _a(07)
100 1 _aKernighan, Brian W.
_eAutor
245 1 0 _aJęzyk ANSI C /
_cBrian W. Kernighan, Dennis M. Ritchie ; z ang. przeł. Danuta i Marek Kruszewscy.
246 1 _iTyt. oryg.:
_aC programming language,
_f1988
250 _aWyd. 4.
260 _aWarszawa :
_bWydawnictwa Naukowo-Techniczne,
_c1999.
300 _a357, [1] s. :
_brys. ;
_c24 cm.
336 _2rdacontent
_aTekst
_btxt
337 _2rdamedia
_aBez urządzenia pośredniczącego
_bn
338 _2rdacarrier
_aWolumin
_bnc
380 _aKsiążki
380 _aPublikacje fachowe
388 _a1901-2000
500 _aTyt. oryg. : The C programming language, 1988.
650 7 _aC (język programowania)
_2DBN
655 7 _aPodręcznik
_2DBN
658 _aInformatyka i technologie informacyjne
700 1 _aRitchie, Dennis M.
_d(1941-2011)
_eAutor
700 1 _aKruszewska, Danuta
_eTłumaczenie
700 1 _aKruszewski, Marek
_eTłumaczenie
710 2 _aWydawnictwa Naukowo-Techniczne
_4pbl
856 _uhttp://koha.tu.koszalin.pl/cgi-bin/koha/opac-detail.pl?biblionumber=36060
_yKatalog online BPK
942 _2UKD
_cKS
999 _c36060
_d36060